[Event "FIDE World Rapid 2014"]
[Site "Dubai UAE"]
[Date "2014.06.18"]
[Round "15.44"]
[White "Ringoir, Tanguy"]
[Black "Al Qudaimi, Basheer"]
[Result "1-0"]
[WhiteTitle "IM"]
[BlackTitle "IM"]
[WhiteElo "2506"]
[BlackElo "2396"]
[WhiteFideId "208027"]
[BlackFideId "9400346"]
[EventDate "2014.06.16"]

1. d4 d5 2. c4 e6 3. Nc3 c6 4. e4 Bb4 5. exd5 exd5 6. cxd5 cxd5 7. Nf3 Nf6 8.
Bd3 O-O 9. O-O h6 10. Ne5 Nc6 11. Bb5 Ne7 12. a3 Bxc3 13. bxc3 Qa5 14. a4 a6 15.
Ba3 Qc7 16. Bd3 Re8 17. Qb3 Nc6 18. f4 Rb8 19. Rfe1 Be6 20. Rab1 b5 21. axb5
axb5 22. Qd1 Nxe5 23. fxe5 Ne4 24. Bxe4 dxe4 25. Bd6 Qxc3 26. d5 Bf5 27. Rc1 Qa5
28. Bxb8 Qb6+ 29. Kh1 Rxb8 30. d6 b4 31. Qb3 Qb5 32. Qb2 b3 33. h3 Re8 34. Re3
Rxe5 35. Qxb3 Qxb3 36. Rxb3 Rd5 37. Rb6 e3 38. Re1 Rd3 39. Kh2 Be6 40. Kg3 g5
41. Kf3 Bd5+ 42. Ke2 Bc4 43. Kf3 Bd5+ 44. Ke2 Bc4 45. d7 Rxd7+ 46. Kxe3 Re7+ 47.
Kf2 Rxe1 48. Kxe1 Kg7 49. Kf2 h5 50. Rc6 Be6 51. Ke3 h4 52. Ke4 Kf6 53. Rb6 Ke7
54. Ke5 f6+ 55. Kd4 Kf7 56. Kc5 Bf5 57. Kd6 Be4 58. Rb2 Ba8 59. Re2 Kg6 60. Ke6
Bb7 61. Rf2 f5 62. Ke5 Be4 63. Rb2 Kh5 64. Rd2 g4 65. Kf4 gxh3 66. gxh3 Kg6 67.
Rd6+ Kh5 68. Rd8 Kg6 69. Rh8 Kg7 70. Rxh4 Kg6 71. Rh8 Kg7 72. Rb8 Kg6 73. Kg3
Kg5 74. h4+ Kg6 75. Kf4 Kh5 76. Rh8+ Kg6 77. Kg3 Kg7 78. Rh5 Kg6 79. Rg5+ Kh6
80. Kf4 Bd3 81. Ke5 Bc2 82. Rg8 Kh5 83. Kf4 Be4 84. Rg7 Kh6 85. Rg3 Kh5 86. Rg8
Kh6 87. Rh8+ Kg7 88. Rh5 Kg6 89. Rg5+ Kh6 90. Rg1 Kh5 91. Kg3 Bc6 92. Rc1 Be4
93. Rc8 Kg6 94. Rh8 Kg7 95. Rd8 Kg6 96. Rb8 Kh5 97. Rh8+ Kg6 98. h5+ Kg7 99. Rd8
Kh6 100. Kh4 Bc2 101. Rd6+ Kh7 102. Kg5 Kg8 103. Rd8+ Kf7 104. Rc8 Bd3 105. Rc7+
Kg8 106. Rd7 Bc2 107. h6 Kh8 108. h7 f4 1-0

[Event "FIDE World Rapid 2014"]
[Site "Dubai UAE"]
[Date "2014.06.18"]
[Round "15.45"]
[White "Vakhidov, Jahongir"]
[Black "Michalik, Peter"]
[Result "1/2-1/2"]
[WhiteTitle "IM"]
[BlackTitle "GM"]
[WhiteElo "2471"]
[BlackElo "2557"]
[WhiteFideId "14201801"]
[BlackFideId "14907526"]
[EventDate "2014.06.16"]

1. Nf3 d5 2. d4 Nf6 3. e3 c6 4. c4 Bg4 5. Qb3 Qb6 6. Nc3 e6 7. Nh4 Bh5 8. h3 Be7
9. g4 Bg6 10. Nxg6 hxg6 11. Bg2 Na6 12. e4 Nxe4 13. Nxe4 dxe4 14. Qxb6 axb6 15.
Bxe4 Nb4 16. a3 f5 17. Bb1 b5 18. cxb5 cxb5 19. Ke2 Nc6 20. Be3 Bf6 21. Bd3 b4
22. axb4 Rxa1 23. Rxa1 Rxh3 24. Ra8+ Kd7 25. d5 exd5 26. gxf5 Nxb4 27. Bb5+ Nc6
28. fxg6 d4 29. Bd3 Rh5 30. Bf4 Ne5 31. Bb5+ Nc6 32. Bd3 Nb4 33. Rf8 Nxd3 34.
Kxd3 Ke6 35. Bc7 Rh3+ 36. Bg3 Rh5 37. Bc7 Rf5 38. f4 Rd5 39. Be5 Bxe5 40. fxe5
Kxe5 41. Rf7 Rb5 42. Kc2 d3+ 43. Kxd3 Rxb2 44. Rxg7 Kf6 45. Rg8 Rg2 46. Rf8+ Kg7
47. Rf7+ 1/2-1/2

[Event "FIDE World Rapid 2014"]
[Site "Dubai UAE"]
[Date "2014.06.18"]
[Round "15.46"]
[White "Durarbayli, Vasif"]
[Black "Georgiev, Kiril"]
[Result "1/2-1/2"]
[WhiteTitle "GM"]
[BlackTitle "GM"]
[WhiteElo "2590"]
[BlackElo "2644"]
[WhiteFideId "13402935"]
[BlackFideId "2900017"]
[EventDate "2014.06.16"]

1. e4 c5 2. Nf3 d6 3. d4 cxd4 4. Nxd4 Nf6 5. Nc3 a6 6. Bg5 Nbd7 7. Qe2 g6 8. h4
Bg7 9. O-O-O h6 10. Be3 b5 11. h5 Ne5 12. hxg6 fxg6 13. f4 Bg4 14. Qe1 Nf7 15.
f5 b4 16. Ne6 bxc3 17. Nxg7+ Kd7 18. Qxc3 Bxd1 19. Bc4 d5 20. Rxd1 Nd6 21. e5
Qc7 22. Bb3 Qxc3 23. bxc3 Ng4 24. Ba4+ Nb5 25. Rxd5+ Kc6 26. Rc5+ Kb7 27. Bd4
gxf5 28. Nxf5 Rac8 29. Rxc8 Rxc8 30. Nxe7 Rf8 31. Kd2 h5 32. Kd3 Nf2+ 33. Ke3
Nd1+ 34. Kd2 Ndxc3 35. Bxc3 Rd8+ 36. Ke3 Nxc3 37. Bb3 Kc7 38. e6 Nb5 39. Ng6 Nd6
40. e7 Rb8 41. Kf4 Rb5 42. Ne5 Ne8 43. c4 Ra5 44. Bd1 Kd6 45. Bxh5 Rxe5 46. Bxe8
Rxe7 47. Bh5 Re1 48. g4 Rc1 49. g5 Rxc4+ 50. Kf5 Ke7 51. Bd1 Rc5+ 52. Kg6 Kf8
53. Bb3 Rc6+ 54. Kh7 Rc5 55. Kh6 Rc3 56. g6 Rg3 57. Be6 Ke7 58. Bf7 Kf6 59. Kh7
a5 60. Kg8 Ke7 61. Kg7 Rg4 62. Bg8 Rg3 63. Bf7 a4 64. Bg8 Rg1 65. Bd5 Rg4 66.
Bf7 a3 67. Bb3 Rg3 68. Bc4 Re3 69. Bf7 Rf3 70. Bd5 Rf1 71. Bc4 Rg1 72. Bf7 1/2-1/2

[Event "FIDE World Rapid 2014"]
[Site "Dubai UAE"]
[Date "2014.06.18"]
[Round "15.48"]
[White "Omar, Noaman"]
[Black "Ipatov, Alexander"]
[Result "1/2-1/2"]
[WhiteTitle "IM"]
[BlackTitle "GM"]
[WhiteElo "2366"]
[BlackElo "2613"]
[WhiteFideId "9300244"]
[BlackFideId "14116731"]
[EventDate "2014.06.16"]

1. d4 d6 2. e4 Nf6 3. f3 Nbd7 4. c4 e5 5. d5 Be7 6. Be3 O-O 7. Nc3 c6 8. Qd2 a6
9. O-O-O cxd5 10. cxd5 b5 11. Kb1 Nb6 12. g4 Nfd7 13. Rc1 Nc5 14. h4 Bd7 15. g5
Rc8 16. h5 f5 17. gxf6 Bxf6 18. Nh3 Nc4 19. Bxc4 bxc4 20. Nf2 Be7 21. Qe2 Bb5
22. Rcg1 Kh8 23. Rg4 Rf7 24. Rhg1 Qf8 25. f4 exf4 26. Bd4 Bf6 27. Bxf6 Rxf6 28.
Rxg7 Nd3 29. e5 Nxe5 30. Nfe4 f3 31. Nxf6 Qxf6 32. Qe4 Qxg7 33. Rxg7 Kxg7 34.
h6+ Kxh6 35. Qf5 Bd7 36. Qf6+ Kh5 37. Ne4 h6 38. Nxd6 Rg8 39. Qxe5+ Rg5 40. Qf6
Bg4 41. Ne4 Bf5 42. Qf7+ Kg4 43. Kc1 Bxe4 44. d6 Bf5 45. d7 Bxd7 46. Qxd7+ Kg3
47. Qd6+ Kg2 48. Qxh6 Rg3 49. Qc6 Kg1 50. Qd6 Kg2 51. Qd5 Kg1 52. Qd4+ Kg2 53.
Qd5 Kg1 54. Qd4+ f2 55. Kc2 Kg2 56. Qe4+ Kh2 57. Qf4 Kg2 58. Qe4+ Kg1 59. Qd4
Kg2 60. Qe4+ Rf3 61. Qg4+ Rg3 62. Qe4+ 1/2-1/2

[Event "FIDE World Rapid 2014"]
[Site "Dubai UAE"]
[Date "2014.06.18"]
[Round "15.49"]
[White "Moradiabadi, Elshan"]
[Black "Nezad, Husein Aziz"]
[Result "0-1"]
[WhiteTitle "GM"]
[BlackTitle "IM"]
[WhiteElo "2586"]
[BlackElo "2365"]
[WhiteFideId "12501255"]
[BlackFideId "12100293"]
[EventDate "2014.06.16"]

1. e4 e5 2. Nf3 Nc6 3. Bb5 a6 4. Ba4 Nf6 5. O-O b5 6. Bb3 Bc5 7. d3 d6 8. a3 Bg4
9. c3 O-O 10. Nbd2 Bb6 11. h3 Be6 12. Bc2 Re8 13. Ng5 Bd7 14. Bb3 Rf8 15. Re1 h6
16. Ngf3 Nh5 17. Nf1 Qf6 18. Ne3 Nf4 19. Nd5 Nxd5 20. Bxd5 Rab8 21. Be3 Bxe3 22.
Rxe3 Ne7 23. Bb3 Ng6 24. d4 Rbd8 25. Ne1 c5 26. Rf3 Qe7 27. Bc2 Rfe8 28. b4 cxd4
29. cxd4 Rc8 30. Bb3 Be6 31. d5 Bd7 32. Nd3 Rc7 33. a4 Rec8 34. axb5 Bxb5 35. g3
Qg5 36. Rf5 Qd8 37. Ba4 Ne7 38. Bxb5 axb5 39. Rf3 Rc4 40. Re3 f5 41. exf5 Nxf5
42. Re1 Nd4 43. Ra7 Qf6 44. Kg2 Rc2 45. Re4 Rd2 46. Rxg7+ Kxg7 47. Qg4+ Kh7 48.
Qd7+ Qg7 49. Qxc8 Rxd3 50. Qe8 Nf3 51. Rg4 Ng5 52. Qxb5 Rd2 53. Qe8 Qf6 54. Qd7+
Nf7 55. Qa7 h5 56. Rh4 Kg6 57. Qe3 Rb2 58. Rc4 Qf5 59. g4 Qg5 60. Qg3 h4 61.
Qd3+ Kg7 62. Qf3 Qf6 63. Qe3 Ng5 64. Rc7+ Kh6 65. Rc6 e4 66. Kf1 Rb1+ 67. Ke2
Qf3+ 68. Qxf3 exf3+ 69. Ke3 Re1+ 70. Kd4 Nxh3 71. Rxd6+ Kg7 72. Re6 Re2 73. b5
Nxf2 74. b6 Rb2 75. Ke3 h3 76. d6 Re2+ 0-1

[Event "FIDE World Rapid 2014"]
[Site "Dubai UAE"]
[Date "2014.06.18"]
[Round "15.50"]
[White "Taleb, Moussa"]
[Black "Sandipan, Chanda"]
[Result "0-1"]
[WhiteTitle "GM"]
[BlackTitle "GM"]
[WhiteElo "2406"]
[BlackElo "2594"]
[WhiteFideId "9300201"]
[BlackFideId "5004225"]
[EventDate "2014.06.16"]

1. Nf3 e6 2. d4 f5 3. c4 Nf6 4. g3 g6 5. Bg2 Bg7 6. Nc3 d6 7. O-O O-O 8. Qc2 Nc6
9. d5 Nb4 10. Qd1 e5 11. a3 Na6 12. b4 e4 13. Nd4 Ng4 14. e3 Ne5 15. Qe2 Bd7 16.
Bb2 Qe7 17. Rfd1 g5 18. Rac1 g4 19. Qf1 Nf3+ 20. Bxf3 exf3 21. Qd3 h5 22. Ba1 h4
23. Ne6 Bxe6 24. dxe6 Qxe6 25. Nd5 Bxa1 26. Rxa1 Rf7 27. Nf4 Qh6 28. Qd5 Re8 29.
Rd3 hxg3 30. fxg3 Nb8 31. Qxb7 Nd7 32. Qb5 Rd8 33. c5 Ne5 34. Rd2 d5 35. c6 Rh7
36. h4 Qxc6 37. Qxc6 Nxc6 38. Nxd5 Kf8 39. Rc1 Rh6 40. Rc5 Rhd6 41. b5 0-1

[Event "FIDE World Rapid 2014"]
[Site "Dubai UAE"]
[Date "2014.06.18"]
[Round "15.51"]
[White "AlHuwar, Jasem"]
[Black "Al-Modiahki, Mohamad"]
[Result "1-0"]
[WhiteTitle "FM"]
[BlackTitle "GM"]
[WhiteElo "2277"]
[BlackElo "2549"]
[WhiteFideId "9300465"]
[BlackFideId "12100030"]
[EventDate "2014.06.16"]

1. Nf3 g6 2. g3 Bg7 3. d4 Nf6 4. Bg2 O-O 5. b3 c5 6. Bb2 Ne4 7. O-O d5 8. e3 Nc6
9. c4 dxc4 10. bxc4 Qb6 11. Qb3 Rd8 12. Ne5 Nd6 13. Bxc6 bxc6 14. dxc5 Qxc5 15.
Bd4 Qxe5 16. Bxe5 Bxe5 17. Nd2 Bh3 18. Nf3 Rab8 19. Qa4 Bf6 20. Rab1 Bxf1 21.
Rxb8 Rxb8 22. Kxf1 c5 23. Qxa7 Rb2 24. a4 Kg7 25. a5 Ne4 26. a6 Rxf2+ 27. Kg1
Rxf3 28. Qb7 Rxe3 29. a7 Bd4 30. Kg2 Nd6 31. Qa6 Re2+ 32. Kf1 Rf2+ 33. Ke1 Ne4
34. a8=Q Bc3+ 35. Kd1 Rd2+ 36. Kc1 Bb2+ 1-0